Machining and CNC technology
Gespeichert in:
| 1. Verfasser: | |
|---|---|
| Format: | Buch |
| Sprache: | Englisch |
| Veröffentlicht: |
McGraw Hill Education
2019
|
| Tags: |
Tag hinzufügen
Keine Tags, Fügen Sie den ersten Tag hinzu!
|
MARC
| LEADER | 00000nam a22000007a 4500 | ||
|---|---|---|---|
| 008 | 231018b |||||||| |||| 00| 0 eng d | ||
| 020 | |a 9781260092608 | ||
| 100 | |a FITZPATRICK, Michael |a Smith, Keith | ||
| 245 | |a Machining and CNC technology |c / Michael Fitzpatrick,Keith Smith |g XI, 849P;ill | ||
| 250 | |b 4th | ||
| 260 | |b McGraw Hill Education |c 2019 |h New York |i 701509 |i 701510 |i 701511 |l TJ1165.F55 |m Machining - Handbooks, manuals, etc |m Machine tools - Handbooks, manuals, etc | ||
| 500 | |a it includes index | ||
| 942 | |a lcc |c BK |e Johnson |f 18/10/23 | ||
| 952 | |0 0 |1 0 |2 lcc |4 0 |6 TJ1165 F55 |7 0 |9 4596 |a TL |b HOL |c QZ |d 2023-10-18 |l 0 |o TJ1165.F55 |p 2023-0516 |r 2023-10-18 00:00:00 |t 701509 |w 2023-10-18 |y BK | ||
| 952 | |0 0 |1 0 |2 lcc |4 0 |6 TJ1165 F55 |7 0 |9 4597 |a HOL |b HOL |c QZ |d 2023-10-18 |l 0 |o TJ1165.F55 |p 2023-0517 |r 2023-10-18 00:00:00 |t 701510 |w 2023-10-18 |y BK | ||
| 952 | |0 0 |1 0 |2 lcc |4 0 |6 TJ1165 F55 |7 0 |9 4598 |a HOL |b HOL |c QZ |d 2023-10-18 |l 0 |o TJ1165.F55 |p 2023-0518 |r 2023-10-18 00:00:00 |t 701511 |w 2023-10-18 |y BK | ||
| 999 | |c 2304 |d 2304 | ||